edited by Scott, John
Gespeichert in:
| Format: | Buch |
|---|---|
| Sprache: | Englisch |
| Veröffentlicht: |
Oxford University Press
2014
|
| Tags: |
Tag hinzufügen
Keine Tags, Fügen Sie den ersten Tag hinzu!
|
MARC
| LEADER | 00000nam a22000007a 4500 | ||
|---|---|---|---|
| 008 | 201215b ||||| |||| 00| 0 eng d | ||
| 020 | |a 978-0-19-968358-1 | ||
| 245 | |a edited by Scott, John |c / edited by John Scott |g 816p. | ||
| 250 | |b 4th ed. | ||
| 260 | |b Oxford University Press |c 2014 |h Oxford, UK |i 689627 |i 689628 |l HM425 .Ox2 |m Sociology – Dictionaries | ||
| 942 | |a lcc |c BK |e Kuteyi, M. A. |f 15/12/2020 | ||
| 952 | |0 0 |1 0 |2 lcc |4 0 |6 HM0425 O X2 |7 0 |9 494 |a HOL |b SSL |c GJ |d 2020-12-15 |l 0 |o HM425 .Ox2 |p 2020-2222 |r 2020-12-15 00:00:00 |w 2020-12-15 |y BK | ||
| 952 | |0 0 |1 0 |2 lcc |4 0 |6 HM0425 O X2 |7 0 |9 495 |a HOL |b HOL |c GJ |d 2020-12-15 |l 0 |o HM425 .Ox2 |p 2020-2223 |r 2020-12-15 00:00:00 |w 2020-12-15 |y BK | ||
| 999 | |c 259 |d 259 | ||